000 00358nam a2200145 a 4500
005 20140513081056.0
008 070807s19uu xx 00 eng d
020 _a0-382-21239-8
050 _aP
_bHUM 1990
245 _aHumor.
260 _aNew Jersey :
_bSilver Burdett & Ginn,
_c1990.
440 _aWorld of language
650 _aClowns
999 _c116524
_d116524